000 00716cam a22002173a 4500
001 44302
003 PGUSA
005 20140828084018.0
008 131127s2013||||xxu|||||s|||||000 | eng d
040 _aPGUSA
_beng
042 _adc
100 1 _aStrindberg, August,
_d1849-1912
245 1 0 _aPlays by August Strindberg, Fourth Series :
_bThe Bridal Crown, The Spook Sonata, The First Warning, Gustavus Vasa
_h[electronic resource] /
_cAugust Strindberg
260 _bProject Gutenberg,
_c2013
506 _aPublic domain in the USA.
516 _aElectronic text
700 1 _aBjörkman, Edwin,
_d1866-1951
830 0 _aProject Gutenberg
_v44302
856 4 0 _uhttp://www.gutenberg.org/ebooks/44302
942 _cEB
999 _c273553
_d273553